000 00651nam a2200241Ia 4500
003 OSt
005 20220924114735.0
006 a|||||r|||| 00| 0
007 ta
008 220923b |||||||| |||| 00| 0 ara d
024 _a340326
037 _cTextual
040 _aARTS
_cARTS
_bara
041 _2ara
_aara
082 _aO28,6M89,AL, K6
100 _aAl-Aqqad Abbas Mahmoud Au.
_9175115
245 0 _aAlal aseer
260 _aCairo
_bDar-al-fikr Egypt
_c1966
300 _a175p.
_ccm.
650 _aARABIC PROSE
942 _hO28,6M89,AL, K6
_cTEXL
_2CC
999 _c395050
_d395050